01889cam a2200361 a 4500001001400000003000800014005001700022006001900039007001500058008004100073020003800114040003000152049002600182050002100208082001600229245007300245260002700318300005500345490004700400520068400447521001701131588004701148504004101195650001801236655002901254700002101283710001601304776003501320830004801355856008901403942001601492999001901508EDZ0000117151StDuBDS20161031105140.0m||||||||d||||||||cr |||||||||||130111s2003 enka fo| 000|0|eng d a9781446262252 (ebook) :cNo price aStDuBDSbengcStDuBDSepn aAlfaisal Main Library 0aHM526b.I67 200304a001.43322300aInterviewing [I]h[electronic resource] /cedited by Nigel Fielding. aLondon :bSAGE,c2003. a1 online resource (4 v. (various pagings)) :bill.1 aSAGE benchmarks in social research methods8 aThe aim of this collection is to bring together all of the key articles on interviewing which have been published in professional journals. It addresses the philosophy of interview methods and its epistemological foundations; the ethics of interview research; and the criteria for assessing interview based research. It covers both interviewing in quantitative research, such as the survey method, and qualitative research in all its many forms. The collection explores the principal types of interview (standardized, semi-standardized and non-standardized), and the different modes of interviewing (for example, telephone interviewing, life history interviews and focus groups). aSpecialized. aDescription based on print version record. aIncludes bibliographical references. 0aInterviewing. 7aElectronic books.2local1 aFielding, Nigel.2 aSage eBooks08iPrint version :z9780761973393 0aSAGE benchmarks in social research methods.40uhttp://ezproxy.alfaisal.edu/login?url=http://sk.sagepub.com/navigator/interviewing-i 2lcccEBOOKS c480359d480359